000 00596nam a22001577a 4500
003 OSt
005 20151103144136.0
008 151103b xxu||||| |||| 00| 0 eng d
040 _cRUA
082 _aFOR ប៉ូ 1992​ B117 Or.1
100 _93267
_aប៉ូ ចាន់ផល
245 _aគំរោងនៃការរៀបចំដាំដើមឈើម៉ៃសាក់ (Tectona grandis) ឡើងវិញក្នុងស្រុកមេមត់ ខេត្តកំពង់ចាម
260 _aPhnom Penh
_bRUA
_c1992
300 _a86p.
_bill.
_c29cm.
942 _2ddc
_cFOR
999 _c3049
_d3049